English Monarchs (886-1707) - Statistics

General Stats
  • This quiz has been taken 24 times
  • The average score is 31 of 52
Answer Stats
Hint Answer % Correct
886-899 Wessex Alfred the Great
76%
1625-1649 Stuart Charles I
76%
1660-1685 Stuart Charles II
76%
1558-1603 Tudor Elizabeth I
76%
1100-1135 Normandy Henry I
76%
1154-1189 Anjou Henry II
76%
1216-1272 Plantagenet Henry III
76%
1413-1422 Lancaster Henry V
76%
1422-1461, 1470-1471 Lancaster Henry VI
76%
1485-1509 Tudor Henry VII
76%
1509-1547 Tudor Henry VIII
76%
1199-1216 Anjou John
76%
1066-1087 Normandy William I
76%
1272-1307 Plantagenet Edward I
71%
1307-1327 Plantagenet Edward II
71%
1327-1377 Plantagenet Edward III
71%
1461-1470, 1471-1483 York Edward IV
71%
1483 York Edward V
71%
1547-1553 Tudor Edward VI
71%
1399-1413 Lancaster Henry IV
71%
1553-1558 Tudor Mary
71%
1189-1199 Anjou Richard I
71%
1483-1485 York Richard III
71%
1135-1141, 1141-1154 Blois Stephen
71%
1087-1100 Normandy William II
71%
1702-1707 Stuart Anne
65%
1603-1625 Stuart James I
65%
1685-1688 Stuart James II
65%
1653-1658 Protectorate Oliver Cromwell
65%
1688-1702 Stuart William III
65%
1688-1694 Stuart Mary II
59%
1377-1399 Plantagenet Richard II
59%
1066 Godwin Harold Godwinson
53%
1553 Tudor Jane
53%
1042-1066 Wessex Edward the Confessor
47%
1013-1014 Denmark Sweyn Forkbeard
47%
924-939 Wessex Athelstan
41%
1016-1035 Denmark Cnut the Great
41%
939-946 Wessex Edmund I
41%
1016 Wessex Edmund Ironside
41%
978-1013, 1014-1016 Wessex Ethelred the Unready
41%
1040-1042 Denmark Harthacnut
41%
1141 Anjou Matilda
41%
1554-1558 Tudor Philip
41%
1658-1659 Protectorate Richard Cromwell
41%
955-959 Wessex Eadwig
35%
959-975 Wessex Edgar the Peaceful
35%
899-924 Wessex Edward the Elder
35%
975-978 Wessex Edward the Martyr
35%
946-955 Wessex Eadred
29%
1035-1040 Denmark Harold Harefoot
29%
1066 Wessex Edgar Etheling
12%
No matching quizzes found
Score Distribution
Percent of People with Each Score
Percentile by Number Answered
Your Score History
You have not taken this quiz